|
|
|
|
| LEADER |
00000cam a2200000 7i4500 |
| 001 |
0000002914 |
| 002 |
000003153 |
| 005 |
20000330.0 |
| 020 |
|
|
|a 0078810183
|
| 090 |
0 |
0 |
|a 652.5
|b DYS
|
| 100 |
1 |
|
|a Dyson, Steve
|
| 245 |
1 |
0 |
|a Wordperfect for windows :
|b the complete reference
|c Steve Dyson, Daniel J. Fingerman and Stephen Cobb
|
| 260 |
|
|
|a New York :
|b McGraw-Hill ,
|c 1992
|
| 300 |
|
|
|a 763p ;
|c 23 cm.
|
| 630 |
0 |
0 |
|a WordPerfect (Computer file)
|
| 650 |
0 |
0 |
|a Desktop publishing
|
| 650 |
0 |
0 |
|a Word processing
|
| 650 |
0 |
0 |
|a Wordperfert 5.1 (For Windows applications)
|
| 700 |
0 |
|
|a Cobb, Stephen
|
| 700 |
1 |
|
|a Fingerman, Daniel J
|
| 999 |
|
|
|a 025684
|b BUKU
|c PINJAMAN
|e PERPUSTAKAAN KOMUNITI PETALING JAYA
|
| 999 |
|
|
|a 035507
|b BUKU
|c PINJAMAN
|e PERPUSTAKAAN KOMUNITI PETALING JAYA
|
| 999 |
|
|
|a 035508
|b BUKU
|c PINJAMAN
|e PERPUSTAKAAN KOMUNITI PETALING JAYA
|
| 999 |
|
|
|a 053093
|b BUKU
|c PINJAMAN
|e PERPUSTAKAAN KOMUNITI PETALING JAYA
|